| 000 | 00832nam a2200253 i 4500 | ||
|---|---|---|---|
| 001 | 184437 | ||
| 003 | ES-MaACL | ||
| 005 | 20230906222209.0 | ||
| 008 | 150826s1986 sp |||| | spa d | ||
| 020 | _a84-309-1340-8 | ||
| 080 | _a850-83"15" | ||
| 100 | 0 |
_aLeón Hebreo. _971623 |
|
| 245 | 1 | 0 |
_aDiálogos de amor / _cLeón Hebreo ; traducción de David Romano ; introducción y notas de Andrés Soria Olmedo. |
| 260 |
_aMadrid : _bTecnos, _c[1986] |
||
| 300 |
_aLIV, 455 p. ; _c18 cm. |
||
| 490 | 1 |
_aColección Metrópolis ; _v3 |
|
| 500 | _aÍndice. | ||
| 504 | _aBibliografía: p. LI-LIV. | ||
| 700 | 1 |
_aRomano, David. _999249 |
|
| 700 | 1 |
_aSoria Olmedo, Andrés. _9107368 |
|
| 830 | 0 |
_aColección Metrópolis ; _v3 _9178097 |
|
| 852 |
_aES-MaACL _jL-30166 _z. - Donat. Miguel A. Velasco |
||
| 999 |
_c184437 _d184437 |
||